[Event "Barcelona Catalunya op 26th"]
[Site "Barcelona"]
[Date "2014.10.04"]
[Round "2"]
[White "Cardenas, Fernando Adrian"]
[Black "Solis Calancha, Jordi"]
[Result "1-0"]
[WhiteElo "2060"]
[BlackElo "1810"]
[PlyCount "81"]
[EventDate "2014.09.27"]
[EventType "swiss"]
[EventRounds "9"]
[EventCountry "ESP"]
[SourceTitle "EXT 2017"]
[Source "ChessBase"]
[SourceDate "2016.10.25"]
[SourceVersion "1"]
[SourceVersionDate "2016.10.25"]
[SourceQuality "1"]

1. Nf3 Nf6 2. d4 g6 3. c4 Bg7 4. g3 d6 5. Bg2 0-0 6. 0-0 a5 7. Nc3 e5 8. dxe5 dxe5 9. Nxe5 Qxd1 10. Rxd1 Re8 11. Nd3 c6 12. Bf4 Nh5 13. Bd6 Be6 14. c5 Nd7 15. e4 Bc4 16. Bh3 Be6 17. Bxe6 Rxe6 18. f3 Bd4+ 19. Kg2 b6 20. Na4 Nxc5 21. Bxc5 Bxc5 22. Naxc5 bxc5 23. Nxc5 Re5 24. Rac1 Rae8 25. Rd6 Rb8 26. b3 Rg5 27. Nd3 a4 28. b4 Ng7 29. Rcxc6 Ne6 30. e5 h5 31. Kf2 Rf5 32. f4 g5 33. Ke3 gxf4+ 34. gxf4 h4 35. Ke4 Rxb4+ 36. Kxf5 Ng7+ 37. Kg5 Rb1 38. Rc1 Rb5 39. f5 Rb8 40. Rd7 h3 41. Rcc7 1-0

[Event "Barcelona Sant Marti op-B 16th"]
[Site "Barcelona"]
[Date "2014.07.21"]
[Round "9"]
[White "Solis Calancha, Jordi"]
[Black "Cervera Lopez, Miguel"]
[Result "0-1"]
[WhiteElo "1810"]
[BlackElo "1700"]
[PlyCount "128"]
[EventDate "2014.07.13"]
[EventType "swiss"]
[EventRounds "9"]
[EventCountry "ESP"]
[SourceTitle "CBM 161 Extra"]
[Source "ChessBase"]
[SourceDate "2014.08.29"]
[SourceVersion "1"]
[SourceVersionDate "2014.08.29"]
[SourceQuality "1"]

1. d4 d5 2. c4 c6 3. Nc3 Bf5 4. Nf3 Nf6 5. Bg5 Ne4 6. Bf4 e6 7. cxd5 exd5 8. Qb3 Qb6 9. Nxe4 Bxe4 10. Nd2 Bb4 11. Qe3 0-0 12. a3 Bxd2+ 13. Qxd2 Nd7 14. e3 c5 15. f3 Bg6 16. Be2 cxd4 17. exd4 Rfe8 18. 0-0 Re7 19. Rac1 Rae8 20. Rfe1 Ne5 21. Bf1 Nc6 22. Rxe7 Rxe7 23. Kh1 h6 24. Be3 a6 25. Bd3 Bxd3 26. Qxd3 Qxb2 27. Qc3 Qxc3 28. Rxc3 Kh7 29. Kg1 g5 30. Kf2 Kg6 31. Rc5 Rd7 32. Ke2 f5 33. g3 Rd6 34. f4 g4 35. Kd3 b6 36. Rc2 h5 37. Bd2 a5 38. Rb2 Ne7 39. Bc3 Nc6 40. Re2 Kf7 41. h3 Rh6 42. Rh2 gxh3 43. Rxh3 Nd8 44. Rh2 Nc6 45. Re2 h4 46. Rh2 h3 47. Ke3 b5 48. Kf3 b4 49. axb4 axb4 50. Bb2 Kf6 51. g4 fxg4+ 52. Kxg4 Ne7 53. Bc1 Nf5 54. Bb2 Ne3+ 55. Kf3 Nf1 56. Rh1 h2 57. Kg2 Ne3+ 58. Kg3 Kf5 59. Bc1 Nc2 60. Bb2 Ne1 61. Ba1 Rg6+ 62. Kf2 Rg2+ 63. Kf1 Kxf4 64. Bb2 Rxb2 0-1

[Event "Barcelona Sant Marti op-B 16th"]
[Site "Barcelona"]
[Date "2014.07.17"]
[Round "5"]
[White "Solis Calancha, Jordi"]
[Black "Poyato Ruiz, Fernando"]
[Result "0-1"]
[WhiteElo "1810"]
[BlackElo "1968"]
[PlyCount "91"]
[EventDate "2014.07.13"]
[EventType "swiss"]
[EventRounds "9"]
[EventCountry "ESP"]
[SourceTitle "CBM 161 Extra"]
[Source "ChessBase"]
[SourceDate "2014.08.29"]
[SourceVersion "1"]
[SourceVersionDate "2014.08.29"]
[SourceQuality "1"]

1. d4 e6 2. c4 Nf6 3. Nc3 Bb4 4. Nf3 c5 5. a3 Bxc3+ 6. bxc3 d6 7. Qc2 Nc6 8. Bg5 e5 9. e3 0-0 10. Bd3 h6 11. Bh4 Re8 12. dxe5 dxe5 13. Rd1 Qe7 14. Be4 Bg4 15. h3 Bxf3 16. gxf3 g5 17. Bg3 Nxe4 18. Qxe4 Qe6 19. h4 f5 20. Qd5 f4 21. Bh2 Rad8 22. Qxe6+ Rxe6 23. Rd5 Red6 24. e4 Kf7 25. Ke2 b6 26. Rhd1 Ke6 27. Rxd6+ Rxd6 28. Rxd6+ Kxd6 29. h5 Ne7 30. Kd2 Ng8 31. Kc2 Nf6 32. Kd2 Nxh5 33. Kd3 Ng7 34. Ke2 Ne6 35. Kd3 Nf8 36. Ke2 Ng6 37. Kf1 Kc6 38. Ke2 Nh4 39. Bg1 b5 40. Bh2 bxc4 41. a4 Kb6 42. Bg3 fxg3 43. fxg3 Ng6 44. Ke3 Ka5 45. f4 gxf4+ 46. gxf4 0-1